「帰れま10」のランキングから店名を当てる #8 - Statistics

General Stats
  • This quiz has been taken 98 times
  • The average score is 5 of 10
Answer Stats
答え % Correct
吉野家
95%
{海老名}サービスエリア
81%
永谷園
75%
SUBWAY
71%
すしざんまい
60%
やよい軒
46%
幸楽苑
38%
デニーズ
33%
ウェンディーズ
21%
つぼ八
6%
No matching quizzes found
Score Distribution
Percent of People with Each Score
Percentile by Number Answered
Your Score History
You have not taken this quiz